Apuntes para una estrategia de desarrollo rural /
Uloženo v:
| Korporace: | , |
|---|---|
| Médium: | Text |
| Vydáno: |
Managua:
UCA
|
| Témata: | |
| Tagy: |
Přidat tag
Žádné tagy, Buďte první, kdo vytvoří štítek k tomuto záznamu!
|
MARC
| LEADER | 00000 a a2200000 04500 | ||
|---|---|---|---|
| 001 | 26500 | ||
| 003 | |||
| 040 | |||
| 090 | |a 148602 | ||
| 110 | |a NITLAPAN | ||
| 245 | |a Apuntes para una estrategia de desarrollo rural / |c NITLAPAN | ||
| 260 | |a Managua: |b UCA | ||
| 300 | |a 124 p |b **no definido** | ||
| 650 | |a DESARROLLO RURAL | ||
| 650 | |a DESARROLLO REGIONAL | ||
| 650 | |a ECONOMIA RURAL | ||
| 650 | |a ZONAS RURALES | ||
| 650 | |a REGIONALIZACION | ||
| 650 | |a PLANIFICACION REGIONAL | ||
| 650 | |a AGROINDUSTRIA | ||
| 650 | |a PROCESAMIENTO DE PRODUCTOS | ||
| 650 | |a AGRICULTURA | ||
| 650 | |a CONDICIONES ECONOMICAS | ||
| 650 | |a DESIGUALDAD REGIONAL | ||
| 650 | |a PRODUCCION AGROPECUARIA | ||
| 650 | |a COMERCIO | ||
| 650 | |a COMERCI | ||
| 650 | |a DESARROLLO REGIONAL | ||
| 650 | |a ECONOMIA RURAL | ||
| 650 | |a PLANIFICACION REGIONAL | ||
| 650 | |a AGROINDUSTRIA | ||
| 650 | |a PROCESAMIENTO DE PRODUCTOS | ||
| 650 | |a CONDICIONES ECONOMICAS | ||
| 650 | |a PRODUCCION AGROPECUARIA | ||
| 650 | |a COMERCIO | ||
| 650 | |a COMERCIO INTERNACIONAL | ||
| 710 | |a CRIES | ||
| 999 | |c 13468 |d 13468 | ||
